III Forum Universal de las Culturas, Valparaíso 2010

Сохранить в:
Библиографические подробности
Главный автор: Briceño Vásquez, Carlos (Автор)
Формат:
Язык:испанский
Опубликовано: Valparaíso Ilustre Municipalidad de Valparaíso 2010
Предметы:
Метки: Добавить метку
Нет меток, Требуется 1-ая метка записи!

MARC

LEADER 00000cam a2200000 a 4500
001 UCF4315
003 CL-VaPUC
008 121130e20100000CL |||||||||||||||||spa|d
082 0 4 |a 301.098  |b BRI  |2 21 
100 0 |a Briceño Vásquez, Carlos  |e author  |9 565809 
245 1 0 |a III Forum Universal de las Culturas, Valparaíso 2010 
300 |a 144 p 
942 |c BK 
945 |d 20121130 00:00:00  |a dcastane 
260 |a Valparaíso  |b Ilustre Municipalidad de Valparaíso  |c 2010 
650 7 |a FOROS  |2 CL-VaPUC  |9 548759 
650 0 |a Participación ciudadana  |9 330304 
650 0 |a Jóvenes  |9 326981 
650 7 |a CULTURA CHILENA  |2 CL-VaPUC  |9 321109 
650 0 |a Sociedad  |9 307903 
650 0 |a Organizaciones culturales  |9 350598 
583 |a last modification  |c 20121130 23:21:00  |k Rodrigo Vera 
999 |c 350122  |d 350120